Gloutons et Dragons- Les races - Statistiques

Statistiques générales
  • Ce quiz a été pris 25 fois
  • Le résultat moyen est 6 sur 8
Statistiques - réponses
Par images Réponse % Correct
Elfe
100%
Nain
100%
Tallmen
100%
Gnome
91%
Orc
73%
Halfelin
45%
Kobold
45%
Ogre
27%
Aucun quiz correspondant
Distribution des résultats
% des personnes avec chaque résultat
Percentile par nombre de réponses
Votre historique - résultats
Vous n’avez pas pris ce quiz